000 00312nam a22001457a 4500
020 _a978-93-89538-47-2
041 _aENG
100 _aLaxmikanth.M
245 _aIndian Polity
250 _aSixth
260 _aHyderabad
_bMC Graw Hill
_c2020
300 _a412
650 _aUPSC
856 _uCompetitive Exam
999 _c146
_d146